[Event "HUN-chT2 Breyer 1617"]
[Site "Hungary"]
[Date "2016.11.13"]
[Round "2.12"]
[White "Makai, Bence"]
[Black "Bangha, Otto Peter"]
[Result "1-0"]
[WhiteElo "1175"]
[BlackElo "1537"]
[PlyCount "51"]
[EventDate "2016.10.30"]
[EventType "team-tourn"]
[EventRounds "9"]
[EventCountry "HUN"]
[SourceTitle "EXT 2021"]
[Source "ChessBase"]
[SourceDate "2020.10.23"]
[SourceVersion "1"]
[SourceVersionDate "2020.10.23"]
[SourceQuality "1"]
[WhiteTeam "Budapest MLTC"]
[BlackTeam "Biatorbagy"]
[WhiteTeamCountry "HUN"]
[BlackTeamCountry "HUN"]

1. d4 Nf6 2. c4 e6 3. Nf3 d5 4. Nc3 c5 5. cxd5 cxd4 6. Nxd4 Nxd5 7. Nxd5 Qxd5 8. a3 Bc5 9. e3 0-0 10. b4 Bxd4 11. Qxd4 Qxd4 12. exd4 Nc6 13. Be3 Rd8 14. Rd1 a6 15. Bd3 Nxd4 16. Bxd4 e5 17. Be3 f5 18. Bc4+ Be6 19. Rxd8+ Rxd8 20. Bxe6+ Kh8 21. 0-0 f4 22. Bc1 Rd6 23. Ba2 Rd4 24. Bb3 Rd3 25. Rd1 Rxd1+ 26. Bxd1 1-0

[Event "HUN-chT U10"]
[Site "Budapest"]
[Date "2015.08.29"]
[Round "6.3"]
[White "Juhasz, Agoston Botond"]
[Black "Bangha, Otto Peter"]
[Result "0-1"]
[WhiteElo "1518"]
[BlackElo "1427"]
[PlyCount "106"]
[EventDate "2015.08.26"]
[EventType "team-swiss"]
[EventRounds "8"]
[EventCountry "HUN"]
[SourceTitle "EXT 2016"]
[Source "ChessBase"]
[SourceDate "2015.10.08"]
[SourceVersion "1"]
[SourceVersionDate "2015.10.08"]
[SourceQuality "1"]

1. e4 c5 2. Nf3 Nc6 3. c3 Nf6 4. e5 Nd5 5. d4 cxd4 6. Bc4 Nb6 7. Bb3 dxc3 8. Nxc3 g6 9. Bf4 Bg7 10. 0-0 0-0 11. Qd2 Re8 12. Rad1 Rf8 13. Bh6 a6 14. Qf4 e6 15. Bg5 f6 16. Bxe6+ Kh8 17. Qh4 fxg5 18. Nxg5 h6 19. Nf7+ Rxf7 20. Qxd8+ Nxd8 21. Bxf7 Nxf7 22. f4 Nc4 23. Rf2 b5 24. b3 Nb6 25. Ne4 Bb7 26. Nd6 Bd5 27. Rfd2 Nxd6 28. exd6 Bf8 29. Rxd5 Nxd5 30. Rxd5 Rc8 31. f5 Kg7 32. fxg6 Kxg6 33. h4 Rc1+ 34. Kh2 Ra1 35. h5+ Kf6 36. Rd2 Ke6 37. Kh3 Bxd6 38. Kg4 Re1 39. g3 Re4+ 40. Kf3 Re5 41. g4 Bb4 42. Rd4 Bc5 43. Rd2 d5 44. a4 Re3+ 45. Kf4 Rxb3 46. Re2+ Kd6 47. axb5 axb5 48. Kf5 Rf3+ 49. Kg6 Be3 50. Rxe3 Rxe3 51. Kxh6 b4 52. g5 b3 53. g6 Rg3 0-1

[Event "HUN-chT U10"]
[Site "Budapest"]
[Date "2015.08.27"]
[Round "2.3"]
[White "Bangha, Otto Peter"]
[Black "Barsi, Botond"]
[Result "1/2-1/2"]
[WhiteElo "1427"]
[BlackElo "1369"]
[PlyCount "172"]
[EventDate "2015.08.26"]
[EventType "team-swiss"]
[EventRounds "8"]
[EventCountry "HUN"]
[SourceTitle "EXT 2016"]
[Source "ChessBase"]
[SourceDate "2015.10.08"]
[SourceVersion "1"]
[SourceVersionDate "2015.10.08"]
[SourceQuality "1"]

1. e4 c5 2. Nf3 Nc6 3. d4 cxd4 4. Nxd4 Qb6 5. Nb3 Nf6 6. Be3 Qb4+ 7. N1d2 Nxe4 8. a3 Qa4 9. Nc5 Nxc5 10. Bxc5 Qa5 11. Be3 g6 12. b4 Qc7 13. Be2 Bg7 14. Rb1 0-0 15. b5 Nd4 16. Bd3 b6 17. Rb4 Ne6 18. 0-0 Bb7 19. f4 Nc5 20. Be2 f5 21. Bxc5 bxc5 22. Rb1 Bd4+ 23. Kh1 Be3 24. Bf3 Bxd2 25. Qxd2 Bxf3 26. Rxf3 Rab8 27. Rc3 e6 28. Qe3 Rfc8 29. Rc4 a6 30. a4 Qc6 31. Qb3 d5 32. Rc3 Qd6 33. Re3 axb5 34. axb5 Rb6 35. Qa4 Rcb8 36. Rf3 Ra6 37. Qb3 Ra5 38. c4 dxc4 39. Qxc4 Qd5 40. Qxd5 exd5 41. Rfb3 Kf7 42. Kg1 Ke6 43. Kf2 Kd6 44. Ke3 c4 45. Rb4 Kc5 46. b6 Ra3+ 47. Kf2 Ra6 48. b7 Ra7 49. Rb6 Kd4 50. g3 c3 51. Rd1+ Kc4 52. Rc6+ Kb5 53. Rxc3 Rbxb7 54. Rxd5+ Kb4 55. Rdd3 Ra2+ 56. Kg1 Ka4 57. Rc4+ Rb4 58. Rxb4+ Kxb4 59. Rd7 h6 60. Rd6 g5 61. Rxh6 gxf4 62. Rh4 Kc3 63. Rxf4 Ra5 64. Kg2 Kd2 65. Kh3 Ke3 66. Kh4 Ra2 67. h3 Rf2 68. Ra4 f4 69. Ra3+ Ke4 70. Kg4 fxg3 71. Kxg3 Rf5 72. Ra4+ Ke5 73. Kg4 Rf6 74. Ra5+ Ke6 75. h4 Kf7 76. Ra7+ Kg8 77. Kg5 Rf7 78. Ra8+ Rf8 79. Ra6 Rf7 80. h5 Rg7+ 81. Kf6 Rf7+ 82. Kg5 Rg7+ 83. Kh4 Kh8 84. h6 Rb7 85. Kg5 Kh7 86. Ra5 Rc7 1/2-1/2

[Event "HUN-ch U10"]
[Site "Balatonlelle"]
[Date "2015.06.19"]
[Round "2"]
[White "Bangha, Otto Peter"]
[Black "Schwarczenberger, Csongor"]
[Result "1-0"]
[WhiteElo "1349"]
[BlackElo "1552"]
[PlyCount "145"]
[EventDate "2015.06.18"]
[EventType "swiss"]
[EventRounds "9"]
[EventCountry "HUN"]
[SourceTitle "CBM 167 Extra"]
[Source "ChessBase"]
[SourceDate "2015.09.14"]
[SourceVersion "1"]
[SourceVersionDate "2015.09.14"]
[SourceQuality "1"]

1. e4 c6 2. d4 d5 3. exd5 cxd5 4. Bd3 Nc6 5. c3 Qc7 6. Ne2 Bg4 7. f3 Bd7 8. Bf4 e5 9. Bg3 Bd6 10. Qb3 Be6 11. Qc2 exd4 12. cxd4 Bxg3+ 13. hxg3 h6 14. Nd2 Rc8 15. Bf5 Nb4 16. Qxc7 Rxc7 17. Bxe6 fxe6 18. 0-0 Nf6 19. Nf4 Kf7 20. a3 Nc6 21. Nb3 g5 22. Nd3 Rhc8 23. Rfe1 b6 24. Re2 Nd7 25. Rae1 Nd8 26. Nb4 a5 27. Nd3 Rc2 28. Kf2 Rxe2+ 29. Rxe2 a4 30. Na1 Rc4 31. Ke3 Nc6 32. Nc2 Ne7 33. Kf2 Nf5 34. Ne5+ Nxe5 35. dxe5 Nd4 36. Ne3 Rc1 37. Rd2 Nb3 38. Rc2 Rxc2+ 39. Nxc2 Kg6 40. g4 Kf7 41. Nb4 Ke7 42. Ke3 Nc5 43. g3 Kf7 44. Nc2 Nb3 45. Kd3 Ke7 46. Kc3 Nc5 47. Kd4 Nb3+ 48. Kc3 Nc1 49. Kd2 Nb3+ 50. Kc3 Kf7 51. Kb4 Kg6 52. Kxa4 Nd2 53. Nd4 Kf7 54. b3 Nf1 55. Kb5 Nxg3 56. Kxb6 h5 57. gxh5 Nxh5 58. a4 Ng3 59. a5 Nf5 60. Nc6 d4 61. Nxd4 Nxd4 62. a6 Nxf3 63. a7 g4 64. a8Q Nxe5 65. Qe4 Kf6 66. Qf4+ Kg6 67. Qxe5 Kh6 68. Kc6 Kg6 69. Kd6 Kh6 70. Kxe6 Kg6 71. Qf5+ Kh6 72. Qxg4 Kh7 73. Kf7 1-0